Guess the KPOP Song Title By Lyrics - Statistics

General Stats
  • This quiz has been taken 128 times
  • The average score is 9 of 25
Answer Stats
Answer % Correct
I bring {drama}-ma-ma-ma. With my girls in the back. Girls in the back, {drama}
74%
This that pretty-girl {mantra}, this that flaunt you. Just touched down in L.A.
71%
Pull up and I rip it up like ballet. Damn, I really make it look {easy}
54%
{Tick-tack}, ti-ra, {tick-tack}-ta, tack
49%
Winnin' is my trademark, soon you'll never wanna leave. My {strategy}, {strategy}
47%
And don't you know {how} {sweet} it tastes? ({How} {sweet} it tastes)
46%
{Sweet}-ee-eet {venom}-nom-nom. Yeah, all I need-ee-eed is your poison
45%
I'm {super} {shy}, {super} {shy}. But wait a minute while I make you mine, make you mine
44%
Boom, ra-ta-ta-ta, I'ma make it Boom, boom, {chk}, {chk}, {boom}
43%
{Hands} {up} Crack the sky open, put your {hands} {up}. Break the sky, let the water fall
43%
Give me the max, give me the top, give me the good energy. 모조리 다 I want it all ({X-O-X-Z})
41%
Droppin' the bomb on my enemies. And I'm gonna {kick} {it} like Bruce Lee
35%
Now you know my name. I'm {anti-fragile}, {anti-fragile}. {Anti}-ti-ti-ti {fragile}, {fragile}
35%
What's {after} {like}? You-ooh and I-I, it's more than like
34%
I'm on the {Next} {Level}
33%
{Sugar} {Rush}-ush, {Sugar} {Rush}-ush-uh, {Sugar} {Rush}-ush, {Sugar} {Rush}-ush, ah Gimme, gimme more, gimme, gimme more
29%
We must {kill} {this} {love}. Yeah, it's sad but true. Gotta {kill} {this} {love}
27%
({Fantastic baby}) Dance, ooh I wanna dance, dance, dance, da-dance
26%
Into your heat again, I'm diving. {Darling} you, {darling} you, baby. You know, without you I'm so lonely
26%
Ey, you got me looking for {attention}. Got me looking for {attention}
25%
{Tell me}, {tell me}, {tell me} you. Want me, want me, want me too
11%
Yeah, you makin' me a {boy with love} (whoo) Oh, my, my, my
11%
Yes, I'm a warrior. Fight me. {Justice} makes me fight, fight
4%
{Black} {Mamba} Ma Ma Ma {Mamba} Woo oh-oh
2%
I'm gettin' {loco}, {loco} I'm gettin' {loco}, {loco}, oh
2%
No matching quizzes found
Score Distribution
Percent of People with Each Score
Percentile by Number Answered
Your Score History
You have not taken this quiz